000 00323nam a2200133Ia 4500
005 20251222141813.0
008 251222s9999||||xx |||||||||||||| ||spa||
082 _a330.1/K15/1985
100 _aKafka Kiener, Folke
245 0 _aAnálisis Económico
250 _a4a.ed.
264 _bUniversidad del Pacifico
942 _cLIB
999 _c6540
_d6540